000 00241nam a2200097Ia 4500
001 650497
005 20250826154400.0
008 250824s9999 xx 000 0 und d
245 0 _aAlexander Graham Bell
_cBonnie Bader
260 _bBEYAZ BALİNA
999 _c650497
_d650497